| 000 | 00416nam a2200145Ia 4500 | ||
|---|---|---|---|
| 008 | 220217s9999||||xx |||||||||||||| ||und|| | ||
| 020 | _a81-7596-094-9 | ||
| 082 | _a001 GEA | ||
| 100 |
_aGear, Jolene Ger, Robert _93045 |
||
| 245 | 0 | _aCambridge preparation for the TOEFL test | |
| 250 | _a3rd | ||
| 260 |
_aCambridge university press _bNew Delhi _c2002 |
||
| 300 | _b575 | ||
| 650 | _aEXAM BOOKS/GRE/CAT/GATE | ||
| 999 |
_c170745 _d170745 |
||